Estǹdares de suficiencia probatoria y ponderacin̤ de derechos una aproximacin̤ a partir de la jurisprudencia de la Corte Penal Internacional /

Bibliographic Details
Main Author: Montenegro-Velandia, Wilson
Format: eBook
Language:Spanish
Published: Madrid: Marcial Pons, 2019
Subjects:
Online Access:Acceso restringido

MARC

LEADER 00000nam a22000007a 4500
005 20200312234848.0
007 cr|||| ||||
008 200312s2019 es |||||s|||| 00||0 spa d
020 |a 978-84-9123-820-1 
035 |a 31323 
040 |a vLex 
090 |c 10260  |d 10260 
100 1 |a Montenegro-Velandia, Wilson 
245 1 0 |a Estǹdares de suficiencia probatoria y ponderacin̤ de derechos  |h [Recurso electrn̤ico] :  |b una aproximacin̤ a partir de la jurisprudencia de la Corte Penal Internacional /  |c Wilson Montenegro-Velandia 
256 |a Servicio en ln̕ea 
260 |a Madrid:  |b Marcial Pons,  |c 2019 
300 |a 1 recurso electrn̤ico 
506 1 |a Disponible solo en los productos indicados  |d vLex Global  |d vLex Global (Academic Edition, excluding Law Schools)  |d vLex Global (U.S. Academic Edition, Law Schools)  |d vLex Global (U.S. Academic Edition, excluding Law Schools)  |d vLex Global (Academic Edition, Law Schools) 
650 0 4 |a Turismo  |z Espaą 
740 0 |a vLex Libros (Servicio en ln̕ea) 
856 4 0 |u http://vlex.com/source/estandares-suficiencia-probatoria-ponderacion-derechos-aproximacion-partir-jurisprudencia-corte-penal-internacional-31323  |z Acceso restringido 
942 |c BOOK 
999 0 |a tourism